000 01238cam a2200277 a 4500
005 20160121191900.0
008 030619s2001 ec a 000 0 spa
020 _a9978222723
040 _aDLC
_cDLC
_dCO-BoIAVH
041 _aspa
044 _aec
082 0 0 _a305.89809866
_bA87h
100 1 _aAti, Alfredo.
_952394
245 1 0 _aHerencia para nuestros hijos :
_bsistematizacióin del proceso de elaboración del plan de manejo de los recursos naturales del paramo de Atapo Quichalan /
_cpreparado por Alfredo Ati con la Asociación de Trabajadores Autóonomos "Atapo Quichaláan".
250 _a1ra. ed.
260 _aQuito, Ecuador :
_bEdiciones Abya-Yala,
_c2001.
300 _a119 paginas. :
_bilustraciones. ;
_c21 x 14 cm.
650 0 _aIndians of South America
_zEcuador
_zAtapo Quichalan
_xSocial conditions.
_953513
650 0 _aIndígenas en sur america
_952396
650 0 _aIndigenas
_xEcology
_zEcuador
_zAtapo Quichalan.
_953514
650 6 _aEnvironmental management
_zEcuador
_zAtapo Quichalan.
_953515
650 0 _aEnvironmental policy
_zEcuador
_zAtapo Quichalan.
_953516
650 0 _aPolítica de medio ambiente
_952400
651 0 _aAtapo Quichalan (Ecuador)
_xEnvironmental conditions.
_953517
942 _2ddc
_cLIBRO
999 _c5688
_d5688